00853nam a22001817a 4500003000200000005001700002008004100019050002200060100002800082245012400110260007100234300006400305500005200369504005600421650006300477650006800540650006300608020250213143933.0250213b xxu||||| |||| 00| 0 eng d aSH 328b.F73 2023 aFrancina, Giancarlo P.  aFishergo:ba service fishing application to monitor cultivation in fisheries in the Philippines.cGiancarlo P. Francina aLas Pinas CitybSouthville International School and Collegesc2023 axiv, 156 pages: bcolored pictures and illustration;c28cm. aBachelor of Science in Information Technology.  aIncludes bibliographical references and appendices. aFisheries Management—Monitoring -- Digital applications. aAquaculture technology—Fish cultivation -- Resource tracking. aMobile applications—Fishery -- Aquaculture data systems.